| LEADER 00000nam 2200000uu 4500 |
| 001 13399112488 |
| 003 BCNR |
| 008 110614s2546||||th 000 0 tha d |
| 041 0 tha
|
| 060 4 WB176^bค125อ 2546
|
| 245 00 เอกสารการประชุมวิชาการการจัดการกับความปวดและการดูแลแบบประคับประคอง 17-18 กรกฎาคม 2546 ณ โรงแรมไดอิชิ หาดใหญ่ /^cคณะอนุกรรมการฝ่ายเอกสาร ลงทะเบียนและประเมินผล
|
| 260 สงขลา :^bภาควิชาการพยาบาลศัลยศาสตร์ คณะพยาบาลศาสตร์ และภาควิชาวิสัญญีวิทยา คณะแพทยศาสตร์ มหาวิทยาลัยสงขลานครินทร์,^c2546
|
| 300 0108 หน้า ;^c29 ซม.
|
| 504 มีบรรณานุกรมท้ายบท
|
| 650 7 ความเจ็บปวด
|
| 650 7 ความเจ็บปวด^xการรักษา
|
| 710 2 มหาวิทยาลัยสงขลานครินทร์. ^bคณะพยาบาลศาสตร์.^bภาควิชาการพยาบาลศัลยศาสตร์
|
| 710 2 มหาวิทยาลัยสงขลานครินทร์. ^bคณะแพทยศาสตร์.^bภาควิชาวิสัญญีวิทยา
|
| 999 ^aบรรณารักษ์
|